00325nam a2200133Ia 4500008004100000020001800041040001200059082001300071100000800084245007500092260000800167260000900175300000700184191121s9999||||xx |||||||||||||| ||und|| a9780115513824 aIMU-MPC aColumn-5 aMSA 0aCargo Record Book for Ships Carrying Noxious Liquid Substances in Bulk bMSA c1995 a66